Házastársi vagyonközösség megszűnése és a közös vagyon megosztása
Elmentve itt :
| Szerző: | |
|---|---|
| További közreműködők: | |
| Dokumentumtípus: | Szakdolgozat |
| Megjelent: |
2002
|
| Tárgyszavak: | |
| Online Access: | http://diploma.bibl.u-szeged.hu/27139 |
| LEADER | 00595nta a2200157 i 4500 | ||
|---|---|---|---|
| 001 | dipl27139 | ||
| 005 | 20130314084650.0 | ||
| 008 | 111005s2002 hu om 0|| zxx d | ||
| 040 | |a SZTE Diploma Repozitórium |b hun | ||
| 041 | |a zxx | ||
| 100 | 1 | |a Szabó Gábor | |
| 245 | 1 | 0 | |a Házastársi vagyonközösség megszűnése és a közös vagyon megosztása |h [elektronikus dokumentum] / |c Gábor Szabó |
| 260 | |c 2002 | ||
| 650 | 4 | |a Jogi és igazgatási tanulmányok | |
| 700 | 2 | |a Tóthné Dr. Fábián Eszter |e ths | |
| 856 | 4 | 0 | |u http://diploma.bibl.u-szeged.hu/id/eprint/27139/1/2002_szabo_gabor.pdf |z Dokumentum-elérés |